Multivariate data analysis / (Record no. 105151)
[ view plain ]
| 000 -LEADER | |
|---|---|
| fixed length control field | 00545cam a2200193 a 4500 |
| 001 - CONTROL NUMBER | |
| control field | 15536399 |
| 005 - DATE AND TIME OF LATEST TRANSACTION | |
| control field | 20180623085854.0 |
| 008 - FIXED-LENGTH DATA ELEMENTS--GENERAL INFORMATION | |
| fixed length control field | 180623b xxu||||| |||| 00| 0 eng d |
| 020 ## - INTERNATIONAL STANDARD BOOK NUMBER | |
| International Standard Book Number | 9789332536500 |
| 040 ## - CATALOGING SOURCE | |
| Transcribing agency | PK-LaUMT |
| 082 00 - DEWEY DECIMAL CLASSIFICATION NUMBER | |
| Classification number | 519.535 |
| Edition number | 22 |
| Item number | MUL- |
| 245 00 - TITLE STATEMENT | |
| Title | Multivariate data analysis / |
| Statement of responsibility, etc | Joseph F. Hair, Jr. ... [et al.]. |
| 250 ## - EDITION STATEMENT | |
| Edition statement | 7th ed. |
| 260 ## - PUBLICATION, DISTRIBUTION, ETC. (IMPRINT) | |
| Place of publication, distribution, etc | Noida : |
| Name of publisher, distributor, etc | Pearson, |
| Date of publication, distribution, etc | 2013 |
| -- | 2nd impression 2015 |
| 300 ## - PHYSICAL DESCRIPTION | |
| Extent | 734 p. : |
| Other physical details | ill. ; |
| Dimensions | 26 cm. |
| 650 #0 - SUBJECT ADDED ENTRY--TOPICAL TERM | |
| Topical term or geographic name as entry element | Multivariate analysis. |
| 700 1# - ADDED ENTRY--PERSONAL NAME | |
| Personal name | Hair, Joseph F. |
| 942 ## - ADDED ENTRY ELEMENTS (KOHA) | |
| Koha item type | Books |
| Withdrawn status | Lost status | Damaged status | Home library | Current library | Date acquired | Full call number | Barcode | Date last seen | Price effective from | Koha item type |
|---|---|---|---|---|---|---|---|---|---|---|
| UMT Main Campus | UMT Main Campus | 2018-06-23 | 519.535 MUL- | 122238 | 2021-04-07 | 2018-06-23 | Books |
